000 00575nam a2200181 i 4500
001 79327
003 ES-MaACL
005 20230906173944.0
007 t|
008 041020s1964 sp ||||1| spa d
100 1 _aHenry, Antonin Marcel.
_962589
245 1 0 _aAnuncio del Evangelio hoy /
_cA.M. Henry y el equipo de Parole et mission ; [traductor, Francisco Gironella Estorch].
250 _a[1ยช ed.].
260 _aBarcelona :
_bEstela,
_c1964.
300 _a310 p. ;
_c19 cm.
700 1 _aGironella Estorch, Francisco.
_957300
852 _aES-MaACL
_jC-25079
_bR.53783
999 _c79327
_d79327